000 00673nam a2200205Ia 4500
003 GCL
008 140319s9999 xx 000 0 eng d
020 _a0691058687
040 _aGCL /
_cGCL
082 0 4 _a327.56940569
_bR B
100 1 _aRABINOVICH, ITAMAR
245 1 0 _aTHE BRINK OF PEACE :
_bTHE ISRAELI - SYRIAN NEGOTIATIONS /
_cRABINOVICH, ITAMAR
260 _aنيويورك :
_bPRINCETON UNIVERSITY PRESS ،
_c1998
300 _a22 CM ؛
_cXV, 283 P
650 0 4 _aISRAEL - ARAB CONFLICT - 1993 - PEACE
650 0 4 _aISRAEL - FOREIGN RELATIONS - SYRIA
650 0 4 _aSYRIA - FOREIGN RELATIONS - ISRAEL
650 0 4 _aRABINOVICH, ITAMAR - 1942
942 _2ddc
_cBK
999 _c4675
_d4675